000
00307pab a2200133 454500
008
180718b2004 xxu||||| |||| 00| 0 eng d
100
_a
Andreozzi, Luciano
245
_a
A note on paradoxes in economics
260
_c
2004
300
_a
p.3-20.
650
_a
Economics
773
_a
Kyklos
909
_a
61104
999
_c
61104
_d
61104